Hôpitaux de fiction - Statistiques

Statistiques générales
  • Ce quiz a été pris 28 fois
  • Le résultat moyen est 5 sur 25
Statistiques - réponses
Hôpital de fiction Univers % Correct
Asile d'Arkham Batman
69%
Hôpital du Royaume Champignon Dr.Mario
62%
Grey Sloan Memorial Hospital Grey's Anatomy
62%
Hôpital de Konoha Naruto
58%
Hôpital Sainte-Mangouste Harry Potter
35%
Hôpital général de Karakura Bleach
23%
Hôpital Princeton-Plainsboro Dr.House
23%
Base G-S One Piece
23%
Fairview Memorial Hospital Desperate Housewives
19%
Metro-General Hospital Doctor Strange
19%
Hôpital de Storybrooke Once upon a time
19%
Hôpital du Sacré-Coeur Scrubs
19%
Wukong Hospital Dragon Ball Z
15%
Hôpital de Forks Twilight
15%
Marvin Monroe Memorial Hospital Les Simpson
12%
Hôpital Saint-Bonaventure de Saint José Good Doctor
8%
Hôpital de Genoa Les Feux de l'Amour
8%
Hôpital général de Domino Yu-Gi-Oh!5D's
8%
Hôpital secret du Goruto Est Hunter X Hunter
4%
Hôpital St Thomas Sons of Anarchy
4%
Kanou General Hospital Tokyo Ghoul
4%
Hôpital central d'Haido Detective Conan
0%
Hôpital Universitaire TG Jojolion
0%
Institution psychiatrique Wallbrook Rain Man
0%
Hôpital du Col de l'Enfer South Park
0%
Aucun quiz correspondant
Distribution des résultats
% des personnes avec chaque résultat
Percentile par nombre de réponses
Votre historique - résultats
Vous n’avez pas pris ce quiz